| 000 | 00472nam a2200181Ia 4500 | ||
|---|---|---|---|
| 005 | 20250326125832.0 | ||
| 008 | 250326s9999 xx 000 0 und d | ||
| 037 | _aTextbook | ||
| 040 |
_aFMSL _beng _cFMSL |
||
| 041 |
_aeng _2eng |
||
| 084 |
_aS N2 _qFMSL |
||
| 100 |
_aWARREN _9698854 |
||
| 245 | 0 |
_aDictionary of psychology _cWARREN |
|
| 260 |
_aCambridge _bCambridge, H Mifflin _c1962 |
||
| 300 | _a372p | ||
| 942 |
_cTB _hS N2 |
||
| 999 |
_c1279797 _d1279797 |
||